Grandes libros : Crimen y castigo /

Shranjeno v:
Bibliografske podrobnosti
Glavni avtor: Dowd, Marijo (prod.)
Drugi avtorji: Wiley, Foster (prod.) (prod.), Ward, Jonathan (prod. ejecutiva) (prod. ejecutiva), Minor, Dale (prod. de la serie) (prod. de la serie), Sutherland, Donald (conducción) (conducción)
Format: Slide
Jezik:angleščina
Izdano: México : Alter Films [distribución], 2006, c2006
Serija:(Grandes Libros)
(Great Books)
Teme:
Oznake: Označite
Brez oznak, prvi označite!

MARC

LEADER 00000ngm^a2200000^a^4500
001 000295223
005 20250521000000.0
009 20260310112233.719
037 |a Acervo ITESO - Biblioteca 
041 |a ING 
082 |a 809.  |b GRA V. 1 
100 |a Dowd, Marijo  |e (prod.) 
240 1 1 |a [Grandes libros] 
245 1 0 |a Grandes libros :  |b Crimen y castigo /  |c Prod. de M. Dowd, F. Wiley ; prod. ejecutiva de J. Ward ; prod. de la serie de D. Minor. 
264 4 |a México :  |b Alter Films [distribución],  |c 2006, c2006 
300 |a 1 DVD sin dato de región  |c (46 min.) 
336 |a imagen móvil bidimensional  |b tdi  |2 rdacontenido 
337 |a video  |b v  |2 rdamedio 
338 |a videodisco  |b vd  |2 rdasoporte 
440 1 |a (Grandes Libros) 
440 1 |a (Great Books) 
500 |a Traducción de: Great Books: Crime and Punishment 
545 0 |a Nacido en Moscú en 1821 y fallecido en San Petersburgo en 1881, el escritor ruso Fedor Dostoievski creció en un ambiente familiar devoto y autoritario y aunque hubo de cursar estudios militares, ya en 1846 presentó su primer libro, la novela Pobres gentes. El autor ruso, aquejado permanentemente por una salud frágil, desarrolló una obra que comprende varios títulos centrales para la narrativa decimonónica, como El doble (1846), Humillados y ofendidos (1862), Apuntes del subsuelo (1865), Crimen y castigo (1866), El idiota (1868-1869), Los demonios (1873), El adolescente (1875) y Los hermanos Karamazov (1879-1880), su última novela. También autor de Noches blancas (1848), La aldea de Stépanchikovo y sus moradores (1859), El sueño del tío (1859), Recuerdos de la casa de los muertos (1861-1862) y El jugador (1867). Dostoievski creó un corpus literario narrativamente muy complejo, que lo revela como un gran conocedor del alma humana y le permite perfilar personajes de profundidad cierta, titubeantes y angustiados ante dilemas éticos y religiosos. 
546 |a Doblaje opcional: español 
649 |a XX 
650 |a Escritores Rusos 
650 |a Novela Rusa -  |x Historia y Crítica 
650 |a Asesinato en la Literatura -  |z Rusia -  |x Historia y Crítica 
650 |a Literatura y Etica -  |z Rusia -  |x Historia y Crítica 
650 |a Filosofía y Literatura -  |z Rusia -  |x Historia y Crítica 
650 |a Literatura Rusa -  |x Historia y Crítica 
650 |a Literatura Rusa -  |y Siglo XIX 
650 |a Dostoievski, Fedor -  |x Tema Principal 
700 |a Wiley, Foster  |e (prod.) 
700 |a Ward, Jonathan  |e (prod. ejecutiva) 
700 |a Minor, Dale  |e (prod. de la serie) 
700 |a Sutherland, Donald  |e (conducción) 
740 0 |a Great Books :  |b Crime and Punishment /  |c Prod. de M. Dowd, F. Wiley ; prod. ejecutiva de J. Ward ; prod. de la serie de D. Minor. 
910 |a Fondo General 
920 |a Audiovisuales - DVDs 
940 |a Películas 
905 |a 302 
901 |a 0500177230  |b IT2  |c DVS  |u 20250521 
902 |a https://opac.biblio.iteso.mx/vufind/Record/000295223